[Event "33271_PDL_2015_Minimes"]
[Site "Fontenay-Le-Comte ; Vendée"]
[Date "2015.02.07"]
[Round "1.1"]
[White "Lefort, Alix"]
[Black "Retailleau, Elise"]
[Result "0-1"]
[WhiteElo "1140"]
[BlackElo "1679"]
[PlyCount "56"]
[EventDate "2015.??.??"]

1. d4 d5 2. Bf4 Nf6 3. Nc3 e6 4. Nf3 Bb4 5. e3 Ne4 6. Qd3 c5 7. dxc5 Qa5 8. Be5
f6 9. Bd4 e5 10. Nxe5 O-O 11. Nf3 Nc6 12. Be2 Nxd4 13. Qxd4 Nxc3 14. Qd3 Na4+
15. Kf1 Be6 16. Nd4 Bf7 17. Nb3 Nxc5 18. Nxc5 Bxc5 19. Bf3 Bd6 20. e4 Be5 21.
exd5 Bxb2 22. Rb1 Qxa2 23. Ke2 Rfe8+ 24. Kd2 Bg6 25. Qb5 Rac8 26. Rhc1 Bxc1+
27. Rxc1 Rxc2+ 28. Rxc2 Qxc2# 0-1

[Event "33271_PDL_2015_Minimes"]
[Site "Fontenay-Le-Comte ; Vendée"]
[Date "2015.02.07"]
[Round "1.2"]
[White "Cayla, Gaelle"]
[Black "Guyon, Sophie"]
[Result "0-1"]
[WhiteElo "1240"]
[BlackElo "1560"]
[PlyCount "124"]
[EventDate "2015.??.??"]

1. e4 c5 2. Nc3 Nc6 3. Nf3 e6 4. Bb5 g6 5. d4 cxd4 6. Nxd4 Bg7 7. Be3 Nge7 8.
O-O O-O 9. Nf3 Qa5 10. Qd2 Bxc3 11. bxc3 Qxb5 12. Bh6 Ne5 13. Qf4 Nxf3+ 14.
gxf3 Qh5 15. Kh1 g5 16. Bxg5 Ng6 17. Qf6 h6 18. Be3 Qe5 19. Qxe5 Nxe5 20. Rg1+
Kh7 21. Rg3 b6 22. Rag1 Ng6 23. Rh3 Bb7 24. Rxh6+ Kg7 25. Rh5 Rh8 26. Bd4+ f6
27. Rb5 Kf7 28. Rd1 Bc6 29. Rb4 Rh5 30. Be3 Rah8 31. Kg1 Rxh2 32. Kf1 Rh1+ 33.
Ke2 Rxd1 34. Kxd1 Rh5 35. Rb3 Ra5 36. a3 Ne5 37. f4 Nc4 38. Bd4 Rxa3 39. Rxa3
Nxa3 40. e5 fxe5 41. fxe5 Be4 42. f4 Bxc2+ 43. Kd2 Be4 44. Ke3 Bd5 45. Kd2 Kg6
46. Kc1 Nb5 47. Kb2 Nxd4 48. cxd4 Kf5 49. Kc3 a5 50. Kb2 Kxf4 51. Kc2 a4 52.
Kb2 Ke4 53. Ka3 b5 54. Kb4 Kxd4 55. Ka3 Kc4 56. Ka2 b4 57. Ka1 Kb3 58. Kb1 a3
59. Ka1 Kc3 60. Kb1 b3 61. Ka1 b2+ 62. Kb1 a2# 0-1

[Event "33271_PDL_2015_Minimes"]
[Site "Fontenay-Le-Comte ; Vendée"]
[Date "2015.02.07"]
[Round "1.3"]
[White "Ranguin, Anna"]
[Black "Lucas, Maeline"]
[Result "1-0"]
[WhiteElo "1295"]
[BlackElo "1540"]
[PlyCount "111"]
[EventDate "2015.??.??"]

1. d4 Nf6 2. c4 g6 3. Nc3 Bg7 4. e4 d6 5. Nf3 O-O 6. Be2 c5 7. d5 Na6 8. O-O
Nc7 9. Bg5 Rb8 10. Rb1 a6 11. Qc2 b5 12. b3 b4 13. Na4 Bd7 14. Nb2 Qc8 15. e5
dxe5 16. Nxe5 Bf5 17. Nbd3 Rb6 18. Nc6 Qd7 19. Bxf6 Bxf6 20. Nxc5 Qxc6 21. dxc6
Bxc2 22. Rbc1 Rxc6 23. Nd7 Rd8 24. Nxf6+ exf6 25. Rxc2 Rcd6 26. Bf3 Rd2 27.
Rfc1 Ne6 28. Bd5 Rxc2 29. Rxc2 Nf4 30. Rd2 Re8 31. Kf1 h5 32. g3 Nxd5 33. Rxd5
Re5 34. f4 Rxd5 35. cxd5 Kf8 36. Ke2 Ke7 37. Kd3 Kd6 38. Kd4 g5 39. Kc4 a5 40.
h3 h4 41. gxh4 gxh4 42. f5 Ke5 43. Kc5 Kxf5 44. d6 Ke6 45. Kc6 f5 46. d7 Ke7
47. Kc7 f4 48. d8=Q+ Ke6 49. Qe8+ Kf6 50. Qe4 a4 51. Qxf4+ Kg7 52. Kd7 a3 53.
Ke7 f5 54. Qg5+ Kh7 55. Kf7 f4 56. Qg7# 1-0

[Event "33271_PDL_2015_Minimes"]
[Site "Fontenay-Le-Comte ; Vendée"]
[Date "2015.02.07"]
[Round "1.4"]
[White "Pasquet, Marion"]
[Black "Deportes, Anouk"]
[Result "0-1"]
[WhiteElo "1340"]
[BlackElo "1497"]
[PlyCount "98"]
[EventDate "2015.??.??"]

1. e4 e5 2. Nf3 Nf6 3. Nc3 Nc6 4. Bc4 Bc5 5. d3 h6 6. O-O d6 7. Nh4 Be6 8. Qf3
Qd7 9. Nf5 Rg8 10. Bxe6 fxe6 11. Nxh6 Nd4 12. Qe3 gxh6 13. Qxh6 Qg7 14. Qxg7
Rxg7 15. Bh6 Rg6 16. Be3 Kd7 17. f4 Ne2+ 18. Nxe2 Bxe3+ 19. Kh1 exf4 20. Nxf4
Rh6 21. Ne2 Ng4 22. h3 Nf2+ 23. Kh2 Rg8 24. Ng3 Bf4 25. Rxf2 Bxg3+ 26. Kg1
Bxf2+ 27. Kxf2 Rf6+ 28. Kg1 Rfg6 29. g4 Rh8 30. Kg2 e5 31. Rg1 Ke6 32. Kg3 Rf6
33. Rh1 Rhf8 34. g5 Rf3+ 35. Kg4 Rf2 36. Rc1 Rg2+ 37. Kh5 Rh8+ 38. Kg6 Rg8+ 39.
Kh6 R8xg5 40. h4 R5g4 41. h5 Rh2 42. Rf1 Rxc2 43. Rb1 Rf2 44. a4 Rf8 45. Kh7
Rf7+ 46. Kh6 Ke7 47. Rc1 Kf8 48. Rf1 Rxf1 49. Kh7 Rf7+ 0-1

[Event "33271_PDL_2015_Minimes"]
[Site "Fontenay-Le-Comte ; Vendée"]
[Date "2015.02.07"]
[Round "2.1"]
[White "Retailleau, Elise"]
[Black "Cayla, Gaelle"]
[Result "1-0"]
[WhiteElo "1679"]
[BlackElo "1240"]
[PlyCount "55"]
[EventDate "2015.??.??"]

1. e4 e5 2. Nf3 Nf6 3. Nxe5 d6 4. Nf3 Nxe4 5. d4 Nc6 6. Bb5 d5 7. O-O Bd6 8. c4
O-O 9. Re1 Bf5 10. cxd5 Nb4 11. a3 Nxd5 12. Bd3 Re8 13. Qc2 Ndf6 14. Nbd2 Nxd2
15. Bxd2 Bxd3 16. Qxd3 Rxe1+ 17. Rxe1 c6 18. Bg5 Qb6 19. Qf5 g6 20. Qxf6 Qd8
21. Qxd8+ Rxd8 22. Bxd8 b6 23. Bf6 Kf8 24. Ng5 c5 25. Nxh7+ Kg8 26. Re8+ Bf8
27. Rxf8+ Kxh7 28. Rh8# 1-0

[Event "33271_PDL_2015_Minimes"]
[Site "Fontenay-Le-Comte ; Vendée"]
[Date "2015.02.07"]
[Round "2.2"]
[White "Lucas, Maeline"]
[Black "Guyon, Sophie"]
[Result "0-1"]
[WhiteElo "1540"]
[BlackElo "1560"]
[PlyCount "132"]
[EventDate "2015.??.??"]

1. Nf3 c5 2. g3 d5 3. Bg2 Bf5 4. O-O h6 5. d3 Nc6 6. c4 e6 7. cxd5 exd5 8. Na3
Nf6 9. Nc2 Bd6 10. a3 O-O 11. Rb1 a5 12. Bd2 a4 13. b4 axb3 14. Rxb3 b6 15. Qa1
Qc7 16. Ne3 Be6 17. Rb5 Ra6 18. Qb2 c4 19. Bb4 Bxb4 20. axb4 cxd3 21. exd3 Na7
22. Rxb6 Rxb6 23. Nd4 Rfb8 24. Nec2 Nb5 25. Nxb5 Rxb5 26. Rb1 Qd6 27. Qd4 Qb6
28. Qf4 Qa7 29. Ra1 Qb6 30. Rb1 Qa6 31. Ra1 Qc8 32. Rc1 Qa6 33. Ra1 Qb6 34. Rb1
Rb7 35. Rb2 Qc7 36. Qd4 Qd6 37. Rb1 Nd7 38. Ra1 Qe5 39. Qh4 Qf6 40. Qxf6 Nxf6
41. Ra4 R5b6 42. Ra1 Rc7 43. Ra2 Bf5 44. Bf1 Rc3 45. Ra8+ Kh7 46. Ne3 Bxd3 47.
Rd8 Bxf1 48. Kxf1 Rxb4 49. Nxd5 Nxd5 50. Rxd5 Rf3 51. Kg2 Rf6 52. Rd2 Kg6 53.
Re2 h5 54. Rd2 h4 55. h3 Rfb6 56. Re2 hxg3 57. fxg3 Rb2 58. Rf2 Rxf2+ 59. Kxf2
Rb3 60. Kg2 f5 61. Kf2 Kg5 62. Kg2 f4 63. gxf4+ Kxf4 64. Kf2 Rb2+ 65. Ke1 Ke3
66. h4 Rb1# 0-1

[Event "33271_PDL_2015_Minimes"]
[Site "Fontenay-Le-Comte ; Vendée"]
[Date "2015.02.07"]
[Round "2.3"]
[White "Deportes, Anouk"]
[Black "Lefort, Alix"]
[Result "1-0"]
[WhiteElo "1497"]
[BlackElo "1140"]
[PlyCount "140"]
[EventDate "2015.??.??"]

1. e4 e5 2. Nf3 Nc6 3. d4 f6 4. d5 Nb8 5. Bc4 Bc5 6. Nc3 d6 7. Qe2 c6 8. Be3
Bxe3 9. Qxe3 Ne7 10. O-O O-O 11. dxc6+ Kh8 12. cxb7 Bxb7 13. Rfd1 f5 14. Ng5
fxe4 15. Nf7+ Rxf7 16. Bxf7 Nf5 17. Qh3 Nh4 18. Qe6 Bc6 19. Rxd6 Qg5 20. Qh3
Bd7 21. Qg3 Qe7 22. Rd2 Nf5 23. Nd5 Qxf7 24. Qxe5 Nc6 25. Qxe4 Re8 26. Qf3 Qe6
27. h3 Ncd4 28. Qd1 Qxd5 29. c3 Nh4 30. f3 Nhxf3+ 31. Kh1 Re1+ 32. Qxe1 Nxe1
33. Rxe1 Qxa2 34. Rxd4 Qf7 35. Red1 h6 36. Rxd7 Qb3 37. Rxa7 Qxd1+ 38. Kh2 Qb3
39. Ra8+ Kh7 40. c4 Qxc4 41. Re8 Qc7+ 42. Kh1 Kg6 43. Re6+ Kf5 44. Re1 Kf4 45.
Rf1+ Kg5 46. b3 Qc2 47. Rf3 Qd1+ 48. Kh2 Kh5 49. Rf5+ g5 50. Rf3 g4 51. hxg4+
Kxg4 52. Rg3+ Kf5 53. Rf3+ Ke4 54. Rh3 Qd6+ 55. Kh1 Qg6 56. Kh2 h5 57. b4 Qg5
58. Kh1 Kd4 59. Rb3 Qg4 60. Rb1 Qe4 61. Rc1 h4 62. b5 h3 63. Rg1 Ke3 64. Re1+
Kf4 65. Rxe4+ Kxe4 66. gxh3 Kd5 67. h4 Kc5 68. h5 Kxb5 69. h6 Kc5 70. h7 Kd6
1-0

[Event "33271_PDL_2015_Minimes"]
[Site "Fontenay-Le-Comte ; Vendée"]
[Date "2015.02.07"]
[Round "2.4"]
[White "Ranguin, Anna"]
[Black "Pasquet, Marion"]
[Result "1/2-1/2"]
[WhiteElo "1295"]
[BlackElo "1340"]
[PlyCount "89"]
[EventDate "2015.??.??"]

1. d4 d5 2. c4 c6 3. Nf3 Nf6 4. Qc2 Nbd7 5. Bf4 c5 6. e3 dxc4 7. Bxc4 cxd4 8.
Nxd4 e5 9. Bg5 exd4 10. exd4 Bb4+ 11. Nc3 Bxc3+ 12. bxc3 O-O 13. O-O Nb6 14.
Bd3 Qd6 15. Qd2 Ng4 16. Bf4 Qc6 17. Rac1 Nd5 18. Be4 Qe6 19. Rfe1 Nxf4 20.
Bxh7+ Kxh7 21. Rxe6 Nxe6 22. Qd3+ Kg8 23. d5 Nf4 24. Qe4 Ng6 25. d6 Nf6 26. Qd4
Rd8 27. c4 b6 28. Rd1 Ne8 29. Qe4 Be6 30. f3 Rac8 31. Qb7 Nxd6 32. Qxa7 Nxc4
33. Rb1 Rd2 34. Rc1 Ne3 35. Rxc8+ Bxc8 36. Qxb6 Nxg2 37. Qb5 Bh3 38. Qe8+ Nf8
39. a4 Ra2 40. Qa8 Ne3 41. Qe4 Nf5 42. Qc4 Rg2+ 43. Kh1 Ne3 44. Qh4 Ra2 45. Kg1
1/2-1/2

[Event "33271_PDL_2015_Minimes"]
[Site "Fontenay-Le-Comte ; Vendée"]
[Date "2015.02.07"]
[Round "3.1"]
[White "Guyon, Sophie"]
[Black "Retailleau, Elise"]
[Result "1-0"]
[WhiteElo "1560"]
[BlackElo "1679"]
[PlyCount "69"]
[EventDate "2015.??.??"]

1. e4 c5 2. Nf3 d6 3. d4 cxd4 4. Nxd4 Nf6 5. Nc3 g6 6. Be3 Bg7 7. Be2 O-O 8.
O-O Nc6 9. Qd2 a6 10. h3 Qc7 11. Nd5 Nxd5 12. exd5 Ne5 13. b3 b5 14. f4 Nd7 15.
Rac1 Bb7 16. Bf3 Rfc8 17. Nc6 Kf8 18. Rfe1 Nb6 19. c4 bxc4 20. bxc4 Na4 21. Bd4
Bxc6 22. dxc6 a5 23. Bxg7+ Kxg7 24. Qd4+ Kg8 25. Qe3 Qa7 26. Rb1 e6 27. Qxa7
Rxa7 28. Rb7 Rxb7 29. cxb7 Rb8 30. Rd1 d5 31. cxd5 exd5 32. Rxd5 Kg7 33. Rxa5
Nb2 34. Ra8 Rxa8 35. bxa8=Q 1-0

[Event "33271_PDL_2015_Minimes"]
[Site "Fontenay-Le-Comte ; Vendée"]
[Date "2015.02.07"]
[Round "3.2"]
[White "Cayla, Gaelle"]
[Black "Deportes, Anouk"]
[Result "1/2-1/2"]
[WhiteElo "1240"]
[BlackElo "1497"]
[PlyCount "70"]
[EventDate "2015.??.??"]

1. e4 e5 2. Nf3 Nf6 3. Nc3 Nc6 4. Bc4 Bc5 5. O-O d6 6. d3 Bg4 7. Be3 Bd4 8. Nd5
Qd7 9. c3 Bc5 10. d4 Bb6 11. Nxb6 axb6 12. d5 Ne7 13. Qd2 O-O 14. Bg5 h6 15.
Bxf6 gxf6 16. h3 Bh5 17. g4 Bg6 18. Nh4 Kh7 19. b3 Rg8 20. Kh2 Ra5 21. f4 Kg7
22. f5 Bh7 23. b4 Ra3 24. Qb2 Rga8 25. Rg1 R3a7 26. Nf3 Rg8 27. h4 Kf8 28. g5
fxg5 29. hxg5 hxg5 30. Nxg5 Bxf5 31. exf5 Rh8+ 32. Kg2 Qxf5 33. Qd2 Rg8 34. Kh2
Rh8+ 35. Kg2 Rg8 1/2-1/2

[Event "33271_PDL_2015_Minimes"]
[Site "Fontenay-Le-Comte ; Vendée"]
[Date "2015.02.07"]
[Round "3.3"]
[White "Lefort, Alix"]
[Black "Ranguin, Anna"]
[Result "1/2-1/2"]
[WhiteElo "1140"]
[BlackElo "1295"]
[PlyCount "92"]
[EventDate "2015.??.??"]

1. d4 d5 2. Nc3 Bf5 3. Bf4 a6 4. Nf3 Nf6 5. e3 e6 6. Bd3 Bxd3 7. Qxd3 c5 8. O-O
Nbd7 9. dxc5 Nxc5 10. Qd4 Rc8 11. Na4 b5 12. Nxc5 Bxc5 13. Qd3 O-O 14. a4 Qb6
15. axb5 axb5 16. Be5 Ne4 17. Nd4 f6 18. Bf4 e5 19. Qb3 Nd2 20. Qxd5+ Kh8 21.
Ne6 Rfd8 22. Nxd8 Rxd8 23. Ra8 Be7 24. Rd1 exf4 25. Rxd2 Rb8 26. Rxb8+ Qxb8 27.
Qf7 Qa8 28. Rd1 Bd6 29. h3 Be5 30. Qd7 Qg8 31. exf4 Bxf4 32. Re1 Bd6 33. Re8
Bf8 34. Qxb5 h6 35. c4 Kh7 36. c5 Qf7 37. Qd3+ g6 38. Rc8 Qe7 39. Qc3 Bg7 40.
c6 f5 41. Qa5 Qe6 42. Ra8 Qxc6 43. b4 Qc1+ 44. Kh2 Qf4+ 45. g3 Qxf2+ 46. Kh1
Qf1+ 1/2-1/2

[Event "33271_PDL_2015_Minimes"]
[Site "Fontenay-Le-Comte ; Vendée"]
[Date "2015.02.07"]
[Round "3.4"]
[White "Pasquet, Marion"]
[Black "Lucas, Maeline"]
[Result "1-0"]
[WhiteElo "1340"]
[BlackElo "1540"]
[PlyCount "116"]
[EventDate "2015.??.??"]

1. Nf3 d5 2. g3 Nc6 3. Bg2 e5 4. d3 Nf6 5. O-O Bg4 6. c4 d4 7. Na3 a6 8. Bd2
Bxa3 9. bxa3 O-O 10. Qc2 Re8 11. Rab1 b6 12. Qa4 Nb8 13. Nxd4 Ra7 14. Nf3 e4
15. dxe4 Bxf3 16. Bg5 Bxg2 17. Bxf6 gxf6 18. Kxg2 Rxe4 19. Qc2 Qe8 20. Rfe1 c6
21. c5 b5 22. Rb4 Rae7 23. Qc3 Nd7 24. Qf3 a5 25. Rxe4 Rxe4 26. Qf5 Qe6 27. Qf3
Nxc5 28. Rc1 Re5 29. Rc2 Qd5 30. Qxd5 Rxd5 31. e4 Re5 32. f4 Rxe4 33. Rxc5 Rc4
34. Rxc4 bxc4 35. Kf2 Kf8 36. Ke2 Ke7 37. Kd2 Kd6 38. Kc3 Kd5 39. a4 f5 40. h3
h5 41. Kd2 Ke4 42. Kc3 Kf3 43. Kxc4 Kxg3 44. Kc5 Kxh3 45. Kb6 Kg3 46. Kxa5 h4
47. Kb6 h3 48. a5 h2 49. a6 h1=Q 50. a7 c5 51. a4 c4 52. Kc7 Qa8 53. Kb6 c3 54.
a5 c2 55. a6 c1=Q 56. Kb5 Qxa7 57. Ka5 Qb1 58. Ka4 Qxa6# 1-0

[Event "33271_PDL_2015_Minimes"]
[Site "Fontenay-Le-Comte ; Vendée"]
[Date "2015.02.07"]
[Round "4.1"]
[White "Deportes, Anouk"]
[Black "Guyon, Sophie"]
[Result "1/2-1/2"]
[WhiteElo "1497"]
[BlackElo "1560"]
[PlyCount "102"]
[EventDate "2015.??.??"]

1. e4 c5 2. Nf3 Nc6 3. d4 cxd4 4. Nxd4 Nf6 5. Nc3 e6 6. Ndb5 d6 7. Bf4 e5 8.
Be3 a6 9. Na3 b5 10. Nd5 Nxe4 11. Bb6 Qg5 12. Nc7+ Kd7 13. Nxa8 Bb7 14. Be3 Qd8
15. Nb6+ Ke8 16. c3 Ne7 17. c4 Nf5 18. Nd5 Nxe3 19. fxe3 Qa5+ 20. Ke2 bxc4 21.
Nxc4 Qxd5 22. Qxd5 Bxd5 23. Nb6 Bc6 24. Rc1 Bb5+ 25. Ke1 Nc5 26. Bxb5+ axb5 27.
Kd2 Ke7 28. Nd5+ Kd7 29. Rhd1 Ne4+ 30. Kd3 Nf2+ 31. Kc3 Nxd1+ 32. Rxd1 Be7 33.
Rf1 f6 34. Kb4 Rb8 35. Rc1 Bd8 36. Nc3 Rc8 37. Rd1 Bb6 38. Nxb5 Bc5+ 39. Kb3
Rc6 40. e4 h5 41. Rd3 g5 42. Rf3 Ke6 43. Nc3 Rb6+ 44. Kc2 Bd4 45. a3 Bxc3 46.
Rxc3 f5 47. exf5+ Kxf5 48. b4 Ke4 49. Kb3 d5 50. a4 d4 51. a5 Rb8 1/2-1/2

[Event "33271_PDL_2015_Minimes"]
[Site "Fontenay-Le-Comte ; Vendée"]
[Date "2015.02.07"]
[Round "4.2"]
[White "Ranguin, Anna"]
[Black "Cayla, Gaelle"]
[Result "1-0"]
[WhiteElo "1295"]
[BlackElo "1240"]
[PlyCount "61"]
[EventDate "2015.??.??"]

1. d4 d5 2. c4 e6 3. Nf3 Nc6 4. Nc3 Nf6 5. Bg5 Bb4 6. e3 b6 7. a3 Bxc3+ 8. bxc3
Ba6 9. Qa4 Bb7 10. cxd5 exd5 11. Ne5 O-O 12. Nxc6 Bxc6 13. Qxc6 Qd6 14. Qxd6
cxd6 15. Bxf6 gxf6 16. Ba6 Rfe8 17. Bb7 Rab8 18. Bxd5 Rbc8 19. Kd2 Re7 20. Rhc1
Kh8 21. Rc2 Rg8 22. c4 Rc7 23. Rac1 Rgc8 24. Kd3 Kg8 25. a4 a5 26. Rb1 Rb8 27.
Rcb2 Rd7 28. Rxb6 Rxb6 29. Rxb6 Kg7 30. Ra6 Kg6 31. Rxa5 1-0

[Event "33271_PDL_2015_Minimes"]
[Site "Fontenay-Le-Comte ; Vendée"]
[Date "2015.02.07"]
[Round "4.3"]
[White "Lucas, Maeline"]
[Black "Retailleau, Elise"]
[Result "0-1"]
[WhiteElo "1540"]
[BlackElo "1679"]
[PlyCount "44"]
[EventDate "2015.??.??"]

1. Nf3 d5 2. g3 Nf6 3. Bg2 e6 4. O-O Be7 5. d3 O-O 6. c4 Nbd7 7. cxd5 exd5 8.
Nc3 Re8 9. b3 Nb6 10. Bb2 c5 11. Rc1 Be6 12. Ng5 Bg4 13. Qd2 Rb8 14. Rfd1 d4
15. Na4 Nxa4 16. bxa4 Nd5 17. Ne4 f5 18. Nxc5 Bg5 19. Bxd5+ Kh8 20. f4 Rxe2 21.
Qb4 Qxd5 22. Rd2 Qg2# 0-1

[Event "33271_PDL_2015_Minimes"]
[Site "Fontenay-Le-Comte ; Vendée"]
[Date "2015.02.07"]
[Round "4.4"]
[White "Pasquet, Marion"]
[Black "Lefort, Alix"]
[Result "1-0"]
[WhiteElo "1340"]
[BlackElo "1140"]
[PlyCount "73"]
[EventDate "2015.??.??"]

1. e4 e5 2. Nf3 Nc6 3. Nc3 Bc5 4. Bc4 Nf6 5. d3 O-O 6. O-O d6 7. Bg5 h6 8. Bd2
Nd4 9. Nxd4 Bxd4 10. Qf3 Bg4 11. Qg3 Qd7 12. h3 Be6 13. Bxh6 Nh5 14. Qg5 Bxc4
15. dxc4 f6 16. Qxh5 gxh6 17. Nd1 Qc6 18. Qg6+ Kh8 19. Qxh6+ Kg8 20. Qg6+ Kh8
21. c3 Bb6 22. b3 Qd7 23. a4 c5 24. Ne3 Rg8 25. Qh6+ Qh7 26. Qxf6+ Rg7 27. Nf5
Rag8 28. Nxg7 Rxg7 29. Rad1 Qxh3 30. Qxg7+ Kxg7 31. gxh3 Bc7 32. f4 exf4 33.
Rxf4 b6 34. b4 cxb4 35. cxb4 a5 36. Rg4+ Kf6 37. Rb1 1-0

[Event "33271_PDL_2015_Minimes"]
[Site "Fontenay-Le-Comte ; Vendée"]
[Date "2015.02.07"]
[Round "5.1"]
[White "Guyon, Sophie"]
[Black "Ranguin, Anna"]
[Result "0-1"]
[WhiteElo "1560"]
[BlackElo "1295"]
[PlyCount "66"]
[EventDate "2015.??.??"]

1. e4 c5 2. Nf3 d6 3. d4 cxd4 4. Nxd4 Nf6 5. Nc3 a6 6. Be2 e6 7. Be3 b5 8. a3
Bb7 9. Bf3 Nbd7 10. Nde2 Ne5 11. Ng3 Nc4 12. b3 Nxe3 13. fxe3 Qc7 14. Nge2 g6
15. Qd2 Rc8 16. Rd1 Be7 17. Qd4 O-O 18. O-O Nd7 19. Qd3 Nc5 20. Qd2 Rfd8 21.
Qc1 Bf6 22. Nd4 Nxb3 23. cxb3 Qxc3 24. a4 Bxd4 25. exd4 Qxb3 26. Qf4 Qxa4 27.
e5 dxe5 28. Qf6 Bxf3 29. Qxf3 Rf8 30. h4 h5 31. g4 hxg4 32. Qxg4 Rcd8 33. h5
Rxd4 0-1

[Event "33271_PDL_2015_Minimes"]
[Site "Fontenay-Le-Comte ; Vendée"]
[Date "2015.02.07"]
[Round "5.2"]
[White "Retailleau, Elise"]
[Black "Deportes, Anouk"]
[Result "0-1"]
[WhiteElo "1679"]
[BlackElo "1497"]
[PlyCount "86"]
[EventDate "2015.??.??"]

1. e4 e5 2. Nf3 Nf6 3. Nxe5 d6 4. Nf3 Nxe4 5. Nc3 Nxc3 6. dxc3 Be7 7. Be3 Nc6
8. Qd2 O-O 9. O-O-O Be6 10. Kb1 a5 11. Bd3 Rb8 12. Ng5 Bxg5 13. Bxg5 Qd7 14. h4
h5 15. g4 Bxg4 16. Rdg1 Ne5 17. Be2 Qf5 18. Bxg4 hxg4 19. f4 Nf3 20. Qf2 Nxg1
21. Rxg1 f6 22. Bxf6 Rxf6 23. Qe2 Qxf4 24. a3 Rbf8 25. Ka2 Qe5 26. Qxg4 Qe6+
27. Qxe6+ Rxe6 28. h5 Rf2 29. Kb3 Rh2 30. Rg5 Re5 31. Rg4 Rhxh5 32. Rc4 Rc5 33.
Rf4 b5 34. a4 Rc4 35. Rf2 Rxa4 36. Re2 c5 37. c4 Rxc4 38. Re6 a4+ 39. Ka3 Rh1
40. Ka2 Rxc2 41. Rxd6 Rhh2 42. Rd3 Rxb2+ 43. Ka1 Rbg2 0-1

[Event "33271_PDL_2015_Minimes"]
[Site "Fontenay-Le-Comte ; Vendée"]
[Date "2015.02.07"]
[Round "5.3"]
[White "Cayla, Gaelle"]
[Black "Pasquet, Marion"]
[Result "0-1"]
[WhiteElo "1240"]
[BlackElo "1340"]
[PlyCount "52"]
[EventDate "2015.??.??"]

1. e4 e5 2. Nf3 Nc6 3. Bb5 Nf6 4. Nc3 Bc5 5. Bxc6 dxc6 6. Nxe5 Qd4 7. Nd3 Nxe4
8. Qe2 Bf5 9. f3 O-O 10. fxe4 Rfe8 11. Nxc5 Qxc5 12. d3 b6 13. Be3 Qb4 14. Rb1
Be6 15. O-O a5 16. a3 Qd6 17. b4 axb4 18. axb4 Qe5 19. d4 Qd6 20. e5 Qd7 21.
Ne4 Bc4 22. Nc5 Qc8 23. Nd3 Qd8 24. Qh5 Qd5 25. Nf4 Qe4 26. Qg5 Qxe3+ 0-1

[Event "33271_PDL_2015_Minimes"]
[Site "Fontenay-Le-Comte ; Vendée"]
[Date "2015.02.07"]
[Round "5.4"]
[White "Lefort, Alix"]
[Black "Lucas, Maeline"]
[Result "0-1"]
[WhiteElo "1140"]
[BlackElo "1540"]
[PlyCount "100"]
[EventDate "2015.??.??"]

1. d4 Nf6 2. Bf4 g6 3. Nc3 Bg7 4. e4 d6 5. Nf3 O-O 6. Bc4 c5 7. d5 Na6 8. h3
Nc7 9. O-O a6 10. Re1 b5 11. Bd3 b4 12. Ne2 Nh5 13. Bc4 Nxf4 14. Nxf4 Bxb2 15.
Rb1 Bg7 16. e5 dxe5 17. Nxe5 Qd6 18. Ned3 Bf5 19. Ne2 Nxd5 20. Ng3 Bxd3 21.
Qxd3 Nc3 22. Qxd6 exd6 23. Rbc1 a5 24. Re3 Ra7 25. Ne4 Nxe4 26. Rxe4 Rd8 27.
Rce1 Be5 28. f4 Bd4+ 29. Kh1 Kg7 30. Rf1 Rdd7 31. f5 Re7 32. Rxe7 Rxe7 33. fxg6
fxg6 34. g4 g5 35. Kg2 h6 36. Kf3 Bc3 37. Kg3 Rd7 38. h4 d5 39. Bd3 c4 40. Bf5
Rf7 41. hxg5 hxg5 42. Rf3 Be5+ 43. Kh3 d4 44. a3 c3 45. axb4 axb4 46. Rd3 Rc7
47. Kg2 b3 48. cxb3 c2 49. Rh3 Kf8 50. Bxc2 Rxc2+ 0-1

[Event "33271_PDL_2015_Minimes"]
[Site "Fontenay-Le-Comte ; Vendée"]
[Date "2015.02.07"]
[Round "6.1"]
[White "Ranguin, Anna"]
[Black "Retailleau, Elise"]
[Result "0-1"]
[WhiteElo "1295"]
[BlackElo "1679"]
[PlyCount "84"]
[EventDate "2015.??.??"]

1. d4 d5 2. c4 e6 3. Nf3 Nf6 4. Bg5 Nbd7 5. e3 Bb4+ 6. Nc3 c5 7. cxd5 exd5 8.
Bb5 O-O 9. O-O Bxc3 10. bxc3 c4 11. Ne5 Qa5 12. Bxd7 Nxd7 13. Nxd7 Bxd7 14. Be7
Rfe8 15. Bb4 Qa4 16. Qf3 Bc6 17. Rfc1 Re6 18. Qg3 Rd8 19. Qc7 Ree8 20. Qa5 Qxa5
21. Bxa5 b6 22. Bb4 Ba4 23. Rab1 Rb8 24. Bd6 Rb7 25. Rb4 Bc6 26. Rcb1 Re6 27.
Bg3 Bd7 28. Kf1 a5 29. R4b2 Ba4 30. Bh4 f6 31. Re1 b5 32. a3 Bb3 33. Ra1 b4 34.
axb4 axb4 35. Ra8+ Kf7 36. cxb4 Rxb4 37. Rc8 Rbb6 38. Rc5 Rec6 39. Bg3 c3 40.
Rb1 Bc4+ 41. Rxc4 Rxb1+ 42. Ke2 Rxc4 0-1

[Event "33271_PDL_2015_Minimes"]
[Site "Fontenay-Le-Comte ; Vendée"]
[Date "2015.02.07"]
[Round "6.2"]
[White "Lucas, Maeline"]
[Black "Deportes, Anouk"]
[Result "0-1"]
[WhiteElo "1540"]
[BlackElo "1497"]
[PlyCount "136"]
[EventDate "2015.??.??"]

1. Nf3 d5 2. g3 Nf6 3. Bg2 e6 4. O-O Bd6 5. d3 Nc6 6. c4 dxc4 7. dxc4 O-O 8.
Nc3 Re8 9. Be3 Bd7 10. a3 Qc8 11. b4 e5 12. Nd5 Nxd5 13. cxd5 Ne7 14. Bc5 Ng6
15. Bxd6 cxd6 16. Rc1 Qd8 17. Qb3 Rc8 18. Rc3 Rxc3 19. Qxc3 Qe7 20. Rc1 Rc8 21.
Qd2 Qd8 22. Rxc8 Qxc8 23. e4 h6 24. Ne1 a6 25. Qc2 Ne7 26. Qxc8+ Nxc8 27. f4 f6
28. Kf2 Nb6 29. f5 Nc4 30. Nc2 Ba4 31. Bf1 Bxc2 32. Bxc4 Bxe4 33. g4 Bc2 34. h3
Ba4 35. Ke3 Kf7 36. Bf1 Ke7 37. Kd2 Kd7 38. Kc3 Kc7 39. Be2 Kb6 40. Bf1 Bb5 41.
Bg2 a5 42. Bf3 Bf1 43. h4 Kb5 44. Kb3 Bc4+ 45. Kc3 Bf1 46. Kb3 axb4 47. axb4
Bd3 48. Kc3 Bc4 49. h5 Bf1 50. Kb3 Bd3 51. Kc3 e4 52. Bd1 Bc4 53. Kd4 Kxb4 54.
Kxe4 Kc5 55. Kf4 Bxd5 56. Ba4 b5 57. Bc2 Kd4 58. Bb1 Kc3 59. Be4 Bxe4 60. Kxe4
Kc4 61. Ke3 b4 62. Kd2 b3 63. Kc1 Kc3 64. Kb1 b2 65. Ka2 Kc2 66. Ka3 b1=Q 67.
g5 Kc3 68. g6 Qb3# 0-1

[Event "33271_PDL_2015_Minimes"]
[Site "Fontenay-Le-Comte ; Vendée"]
[Date "2015.02.07"]
[Round "6.3"]
[White "Pasquet, Marion"]
[Black "Guyon, Sophie"]
[Result "0-1"]
[WhiteElo "1340"]
[BlackElo "1560"]
[PlyCount "64"]
[EventDate "2015.??.??"]

1. e4 c5 2. Nf3 Nc6 3. d4 cxd4 4. Nxd4 Nf6 5. Nc3 e6 6. Nf3 d6 7. Bc4 a6 8. O-O
b5 9. Bd3 Bb7 10. Be3 Be7 11. a3 O-O 12. Ne2 d5 13. e5 Nd7 14. Bd4 Qc7 15. Qd2
Nxd4 16. Nexd4 Nxe5 17. Nxe5 Qxe5 18. Nf3 Qxb2 19. Qf4 Qf6 20. Qc7 Rab8 21. a4
Rfc8 22. Qa5 b4 23. Rfc1 e5 24. Bxa6 Qxa6 25. Qxa6 Bxa6 26. Nxe5 Bf6 27. f4
Bxe5 28. fxe5 Kf8 29. Rab1 Ke7 30. Rb2 Ke6 31. Re1 Rc4 32. Re3 Rc3 0-1

[Event "33271_PDL_2015_Minimes"]
[Site "Fontenay-Le-Comte ; Vendée"]
[Date "2015.02.07"]
[Round "6.4"]
[White "Lefort, Alix"]
[Black "Cayla, Gaelle"]
[Result "1-0"]
[WhiteElo "1140"]
[BlackElo "1240"]
[PlyCount "140"]
[EventDate "2015.??.??"]

1. d4 d5 2. Bf4 Nc6 3. e3 Nf6 4. Bd3 Bg4 5. Nf3 e6 6. O-O g6 7. Nc3 Bg7 8. h3
Bxf3 9. Qxf3 Nd7 10. Ne2 e5 11. Bg3 e4 12. Bxe4 dxe4 13. Qxe4+ Qe7 14. Qd3
O-O-O 15. Nc3 Nf6 16. Nb5 Rd7 17. Rfe1 a6 18. Nc3 Re8 19. e4 Rxd4 20. Qf3 Nxe4
21. Qg4+ f5 22. Qf3 Ng5 23. Qf4 Rxf4 24. Rxe7 Rxe7 25. Bxf4 Nf7 26. Nd5 Rd7 27.
Rd1 Bxb2 28. c4 b5 29. Re1 bxc4 30. Re8+ Kb7 31. Ne3 c3 32. Nc4 Rd4 33. Nxb2
cxb2 34. Re1 Rxf4 35. Rb1 Rb4 36. Kf1 Nfe5 37. Ke2 Nc4 38. Kd3 N6e5+ 39. Kc3
Rb5 40. f4 Rc5 41. fxe5 Nxe5+ 42. Kd4 Rb5 43. a4 Nc6+ 44. Kc3 Ra5 45. Rxb2+ Ka7
46. Kb3 Ne5 47. Rc2 Kb6 48. Re2 h5 49. g4 hxg4 50. hxg4 Nxg4 51. Re6+ Kc5 52.
Rxg6 Kd4 53. Rc6 f4 54. Kb4 Re5 55. Rxa6 c5+ 56. Kb3 c4+ 57. Kc2 Re2+ 58. Kd1
Kd3 59. Rd6+ Ke3 60. Re6+ Kf3 61. Rxe2 Kg3 62. a5 f3 63. a6 f2 64. Rxf2 Kxf2
65. a7 c3 66. a8=Q Ne3+ 67. Kc1 c2 68. Qf8+ Ke2 69. Qh6 Kf2 70. Qf6+ Ke2 1-0